[Event "Toronto NAYCC U08"]
[Site "Toronto"]
[Date "2013.08.16"]
[Round "5"]
[White "Radin, Andrew"]
[Black "Sun, Frank"]
[Result "1/2-1/2"]
[WhiteElo "766"]
[BlackElo "1097"]
[PlyCount "70"]
[EventDate "2013.08.14"]
[EventType "swiss"]
[EventRounds "9"]
[EventCountry "CAN"]
[SourceTitle "EXT 2022"]
[Source "ChessBase"]
[SourceDate "2021.10.06"]
[SourceVersion "1"]
[SourceVersionDate "2021.10.06"]
[SourceQuality "1"]

1. e4 e5 2. Nf3 Nc6 3. Bb5 f6 4. Nc3 Bc5 5. 0-0 Nge7 6. h3 0-0 7. d3 d6 8. Bc4+ Kh8 9. Be3 Bxe3 10. fxe3 b6 11. d4 exd4 12. exd4 Bb7 13. d5 Ne5 14. Nb5 Nxc4 15. Qd3 Nxb2 16. Qb3 Qd7 17. Qxb2 Ba6 18. Rfb1 Ng6 19. Nbd4 Rae8 20. Ne6 Rxe6 21. dxe6 Qxe6 22. Qd4 Nf4 23. Qe3 Ne2+ 24. Kh2 f5 25. Re1 fxe4 26. Ng5 Qe5+ 27. Kh1 h6 28. Nxe4 Rf4 29. Qa3 Rxe4 30. Rad1 Nc3 31. Ra1 Ne2 32. Rad1 Ng3+ 33. Kg1 Be2 34. Rc1 Qd4+ 35. Kh2 Qd2 1/2-1/2

[Event "Toronto NAYCC U08"]
[Site "Toronto"]
[Date "2013.08.15"]
[Round "2"]
[White "Radin, Andrew"]
[Black "Jeyakumar, Bhavatharshan"]
[Result "1-0"]
[WhiteElo "766"]
[BlackElo "558"]
[PlyCount "81"]
[EventDate "2013.08.14"]
[EventType "swiss"]
[EventRounds "9"]
[EventCountry "CAN"]
[SourceTitle "EXT 2022"]
[Source "ChessBase"]
[SourceDate "2021.10.06"]
[SourceVersion "1"]
[SourceVersionDate "2021.10.06"]
[SourceQuality "1"]

1. e4 e5 2. Nf3 Nc6 3. Be2 Nf6 4. Nc3 Bb4 5. 0-0 Nxe4 6. Nxe4 d5 7. Nc3 Bxc3 8. dxc3 Qf6 9. Bg5 Qd6 10. Bb5 h6 11. Bh4 Qg6 12. Nxe5 Qd6 13. Re1 0-0 14. Nxc6 bxc6 15. Bd3 c5 16. Be7 Qd7 17. Bxf8 Kxf8 18. c4 Bb7 19. cxd5 Bxd5 20. Be4 Rd8 21. Qxd5 Qxd5 22. Bxd5 Rxd5 23. Re2 Kg8 24. h3 c4 25. Re7 Rd2 26. Rc1 Rd6 27. Rxc7 Ra6 28. Rxc4 Rxa2 29. b4 a6 30. Rc8+ Kh7 31. Rb8 a5 32. bxa5 Rxa5 33. c4 Rc5 34. Rb5 Rxb5 35. cxb5 f5 36. b6 g5 37. b7 g4 38. b8Q gxh3 39. Rc6 hxg2 40. Qb7+ Kg8 41. Rc8# 1-0

[Event "Toronto NAYCC U08"]
[Site "Toronto"]
[Date "2013.08.14"]
[Round "1"]
[White "Polavaram, Rithik S"]
[Black "Radin, Andrew"]
[Result "1/2-1/2"]
[WhiteElo "1562"]
[BlackElo "766"]
[PlyCount "43"]
[EventDate "2013.08.14"]
[EventType "swiss"]
[EventRounds "9"]
[EventCountry "CAN"]
[SourceTitle "EXT 2022"]
[Source "ChessBase"]
[SourceDate "2021.10.06"]
[SourceVersion "1"]
[SourceVersionDate "2021.10.06"]
[SourceQuality "1"]

1. d4 d5 2. c4 e6 3. Nc3 Nf6 4. cxd5 Bb4 5. Nf3 Nxd5 6. Bd2 Nxc3 7. bxc3 Bd6 8. e4 Nc6 9. e5 Ba3 10. d5 exd5 11. Bd3 Ne7 12. 0-0 Bg4 13. Be2 Qd7 14. h3 Bxf3 15. Bxf3 Bc5 16. Rb1 b6 17. Bg4 Qd8 18. c4 0-0 19. Bc3 Ng6 20. Rb3 Nf4 21. cxd5 h6 22. Qb1 1/2-1/2

[Event "CAN-ch U08"]
[Site "Ottawa"]
[Date "2013.07.12"]
[Round "6"]
[White "Radin, Andrew"]
[Black "England, Max"]
[Result "1/2-1/2"]
[WhiteElo "764"]
[BlackElo "944"]
[PlyCount "99"]
[EventDate "2013.07.10"]
[EventType "swiss"]
[EventRounds "6"]
[EventCountry "CAN"]
[SourceTitle "EXT 2022"]
[Source "ChessBase"]
[SourceDate "2021.10.06"]
[SourceVersion "1"]
[SourceVersionDate "2021.10.06"]
[SourceQuality "1"]

1. e4 e5 2. Nf3 Nc6 3. Be2 Nf6 4. d3 Be7 5. 0-0 d6 6. Nc3 Be6 7. Bg5 Qd7 8. d4 0-0-0 9. d5 Bg4 10. dxc6 Qxc6 11. Bxf6 Bxf6 12. Nb5 Kb8 13. Nc3 h5 14. Qd5 Qxd5 15. Nxd5 Rh6 16. h3 Be6 17. Nxf6 gxf6 18. Nh4 d5 19. Rfd1 c6 20. c4 Kc7 21. Rac1 dxe4 22. Rxd8 Kxd8 23. Rc3 f5 24. Re3 f6 25. f3 exf3 26. Nxf3 h4 27. Rd3+ Ke7 28. Rb3 b6 29. Ra3 a5 30. c5 bxc5 31. Rxa5 Kd6 32. a3 Rh8 33. Ra4 e4 34. Nd2 Rb8 35. b4 cxb4 36. axb4 Ke5 37. Bc4 Bxc4 38. Nxc4+ Kf4 39. Na5 Rc8 40. Ra1 Kg3 41. Rf1 f4 42. Nc4 Rd8 43. Na5 Rd2 44. Rc1 Rxg2+ 45. Kf1 Kxh3 46. Nxc6 Rb2 47. Rc3+ f3 48. Nd4 Rxb4 49. Nxf3 exf3 50. Rxf3+ 1/2-1/2

[Event "CAN-ch U08"]
[Site "Ottawa"]
[Date "2013.07.10"]
[Round "1"]
[White "Doknjas, Neil"]
[Black "Radin, Andrew"]
[Result "1-0"]
[WhiteElo "1228"]
[BlackElo "764"]
[PlyCount "117"]
[EventDate "2013.07.10"]
[EventType "swiss"]
[EventRounds "6"]
[EventCountry "CAN"]
[SourceTitle "EXT 2022"]
[Source "ChessBase"]
[SourceDate "2021.10.06"]
[SourceVersion "1"]
[SourceVersionDate "2021.10.06"]
[SourceQuality "1"]

1. e4 e5 2. Nf3 Nc6 3. d4 d6 4. dxe5 dxe5 5. Qxd8+ Kxd8 6. Nc3 Bb4 7. Bg5+ f6 8. 0-0-0+ Bd7 9. Bh4 g5 10. Bg3 h5 11. h4 g4 12. Nh2 Ke8 13. Nd5 Bd6 14. f4 exf4 15. Bxf4 Bxf4+ 16. Nxf4 Nge7 17. Bc4 Ne5 18. Nd5 Nxd5 19. Bxd5 c6 20. Bb3 g3 21. Nf1 Bg4 22. Re1 b5 23. Nxg3 a5 24. a3 b4 25. a4 c5 26. Bd5 Rd8 27. Rhf1 Rf8 28. Nf5 Bxf5 29. Rxf5 c4 30. Rxh5 b3 31. Rh7 f5 32. Bxc4 bxc2 33. Bb5+ Rd7 34. exf5 Kd8 35. Bxd7 Nd3+ 36. Kxc2 Nxe1+ 37. Kd2 Nxg2 38. Ke2 Nf4+ 39. Ke3 Nd5+ 40. Kd4 Nf6 41. Rg7 Nxd7 42. Ke4 Nf6+ 43. Ke5 Nd7+ 44. Kf4 Nc5 45. Ra7 Nxa4 46. Rxa5 Nxb2 47. Kg5 Nc4 48. Ra4 Ne3 49. f6 Nd5 50. Ra8+ Kd7 51. Rxf8 Nc7 52. Kg6 Ne6 53. Rf7+ Kd6 54. Ra7 Nf4+ 55. Kf5 Nh5 56. f7 Ng7+ 57. Kf6 Ne6 58. Ra6+ Kd7 59. Rxe6 1-0